Muse's Most Streamed Songs - Statistics

General Stats
  • This quiz has been taken 157 times
    41 since last reset
  • The average score is 11 of 20
Answer Stats
Hint Answer % Correct
903,088,688 Supermassive Black Hole
96%
441,748,332 Hysteria
86%
219,939,530 Plug In Baby
86%
557,771,611 Starlight
86%
799,224,224 Uprising
82%
286,260,552 Knights Of Cydonia
71%
323,314,245 Time Is Running Out
71%
138,003,661 Resistance
61%
353,561,651 Madness
57%
99,500,325 Stockholm Syndrome
57%
286,876,787 Psycho
54%
107,978,508 Panic Station
50%
121,219,303 Pressure
46%
240,643,054 Undisclosed Desires
43%
92,208,591 Dead Inside
36%
101,885,743 Supremacy
36%
187,538,898 Feeling Good
32%
88,312,796 Mercy
25%
90,379,077 Unintended
25%
88,638,180 Thought Contagion
21%
No matching quizzes found
Score Distribution
Percent of People with Each Score
Percentile by Number Answered
Your Score History
You have not taken this quiz since the last reset